000 00480nmm a2200169Ia 4500
008 251105s9999||||xx |||||||||||||||||und||
041 _aspa
100 _aNerín, Gustau
245 0 _aBlanco bueno busca negro pobre
264 _a[Madrid, España] :
_bRoca Editorial,
_c2011
300 _a0 páginas
650 _aSocial Sciences (General)
700 _aNerín, Gustau
700 1 _a Nerín, Gustau
856 _uhttps://public.digitaliapublishing.com/a/37245
942 _cCF
999 _c69321
_d69321